|
|
|
|
| LEADER |
00888cas#a2200265#a#4500 |
| 001 |
015823 |
| 005 |
20160923115144.0 |
| 008 |
000511c1998####ag####p#############spa#d |
| 022 |
|
|
|a 0329-7853
|
| 040 |
|
|
|a AR-beUNQ
|
| 099 |
|
|
|a P-AR-EDU2 [En Depósito C10]
|
| 110 |
2 |
|
|a Centro de Publicaciones Educativas y Material Didáctico, Buenos Aires
|
| 245 |
0 |
0 |
|a La educación en los primeros años /
|c Centro de Publicaciones Educativas y Material Didáctico, Buenos Aires.
|
| 260 |
|
|
|a Buenos Aires :
|b Novedades Educativas,
|
| 300 |
|
|
|a v.
|
| 650 |
|
7 |
|a Educación
|2 Spines
|
| 650 |
|
7 |
|a PLANIFICACION EDUCATIVA
|2 Spines
|
| 650 |
|
7 |
|a MATERIAL DOCENTE
|2 Spines
|
| 650 |
|
7 |
|a Educación BASICA
|2 Spines
|
| 650 |
|
7 |
|a Enseñanza MEDIA DE PRIMER CICLO
|2 Spines
|
| 650 |
|
7 |
|a GUARDERIA INFANTIL
|2 toit
|
| 651 |
|
7 |
|a Argentina
|2 Spines
|
| 866 |
0 |
|
|a 1998 1(2)
|
| 929 |
|
|
|j 23931
|
| 999 |
|
|
|c 26475
|d 109281
|